Blank Space (TV) - Taylor Swift (All Lyrics) - Statistics

General Stats
  • This quiz has been taken 811 times
    760 since last reset
  • The average score is 446 of 519
Answer Stats
Lyrics % Correct
I
100%
you,
100%
you
100%
You
100%
a
99%
go
99%
and
98%
And
98%
be
98%
Be
98%
in
98%
me
98%
to
98%
when
98%
love
97%
(Love
97%
my
97%
the
97%
your
97%
can
96%
for
96%
it
96%
it's
96%
I'm
95%
(I'm
95%
on
95%
where
95%
If
94%
if
94%
like
94%
"Oh,
94%
oh,
94%
(Oh)
94%
(Oh
94%
oh),
94%
baby
93%
baby,
93%
forever
93%
gonna
93%
over,
93%
over
93%
(Over),
93%
tell
93%
things
93%
who
93%
blank
92%
game,
92%
game
92%
game)
92%
God,
92%
Got
92%
got
92%
name
92%
show
92%
So,
92%
So
92%
space,
92%
that
92%
write
92%
been?
91%
down
91%
I'll
91%
incredible
91%
insane
91%
(Insane)
91%
insane)
91%
meet
91%
Nice
91%
Or
91%
(Or
91%
play?"
91%
could
89%
flames?
89%
look
89%
at
88%
of
88%
They'll
88%
face
87%
mistake
87%
next
87%
want
87%
But
86%
'Cause
86%
'Cause,
86%
list
86%
long
86%
pain
86%
say
86%
wanna
86%
didn't,
85%
didn't
85%
Don't
85%
ex-lovers
85%
know
85%
sin
85%
worth
85%
Boys
84%
heaven,
84%
I've
84%
Magic,
84%
only
84%
was
84%
is
83%
make
83%
warn
83%
torture
82%
Love's
81%
magazine
81%
read
81%
this
81%
weekend
81%
bad
80%
good
80%
madness,
80%
players
80%
guys
78%
leave
78%
there
78%
high
77%
scar
77%
scar)
77%
she"
77%
too
77%
we're
77%
with
77%
ya
77%
far
76%
see
76%
way
76%
daydream
75%
get
75%
how
75%
nasty
75%
one
75%
come,
74%
come
74%
jealousy
74%
nightmare
74%
Saw
74%
take
74%
dressed
73%
drunk
73%
friends
73%
thought
73%
ends
72%
hand
72%
hey,
72%
let's
72%
passport
72%
reckless
72%
tie
72%
breathless,
71%
breathless
71%
Grab
71%
money,
71%
young
71%
all
70%
girl
70%
about
69%
darling,
69%
dyin'
69%
New
69%
suit
69%
turn
69%
We'll
69%
month
68%
tables
68%
no
67%
You're
67%
Rumors
66%
what
66%
heard
65%
It'll
65%
queen
65%
time
65%
you'll
65%
back
64%
fly
64%
funny?
64%
Ain't
63%
yet
63%
king,
62%
each
61%
out
61%
worst
61%
Find
60%
(Yeah)
59%
crying,
58%
Screaming,
58%
perfect
57%
crystal
54%
garden
54%
lips,
54%
Rose
54%
storms
54%
Cherry
53%
skies
53%
filled
52%
thorns
52%
lies
49%
kisses,
46%
pretty
46%
guessin',
45%
second
45%
Keep
44%
Stolen
43%
Wait,
41%
mmm
39%
(Ooh)
38%
Ayy
18%
No matching quizzes found
Score Distribution
Percent of People with Each Score
Percentile by Number Answered
Your Score History
You have not taken this quiz since the last reset